header

The tentacles of progress (Record no. 5033)

MARC details
000 -LEADER
fixed length control field 01335nam a2200337Ia 4500
100 1# - MAIN ENTRY--AUTHOR NAME
Personal name Headrick, Daniel R.
245 14 - TITLE STATEMENT
Title The tentacles of progress
260 ## - PUBLICATION, DISTRIBUTION, ETC. (IMPRINT)
Place of publication New York :
Name of publisher Oxford University Press,
Year of publication 1988.
300 ## - PHYSICAL DESCRIPTION
Number of Pages x, 405 p. :
Other physical details maps.
650 #0 - SUBJECT ADDED ENTRY--TOPICAL TERM
Topical Term Imperialism
Topical Term Technology transfer
856 40 - ELECTRONIC LOCATION AND ACCESS
Uniform Resource Identifier http://site.ebrary.com/lib/rucke/Doc?id=10278570

No items available.

© 2026 Rongo University
Contact us: librarian | system librarian | Rongo university